Bài tập và bài giải nghiệp vụ ngân hàng thương mại : Sử dụng kèm theo sách Nghiệp vụ ngân hàng thương mại

Tallennettuna:
Bibliografiset tiedot
Päätekijä:  Nguyễn Minh Kiều
Aineistotyyppi: Sách
Kieli:Undetermined
Julkaistu:  Lao động - Xã hội  2013
Aiheet:
Tagit: Lisää tagi
Ei tageja, Lisää ensimmäinen tagi!
Thư viện lưu trữ: Trung tâm Thư viện - Trường Đại học Công nghiệp TP. Hồ Chí Minh
LEADER 00646nam a2200157Ia 4500
001 UIH_05035
008 231011s9999 xx 000 0 und d
082 |a  332.12 
100 |a  Nguyễn Minh Kiều 
245 0 |a  Bài tập và bài giải nghiệp vụ ngân hàng thương mại : Sử dụng kèm theo sách Nghiệp vụ ngân hàng thương mại 
245 0 |c  Nguyễn Minh Kiều 
260 |b  Lao động - Xã hội 
260 |c  2013 
650 |a  Ngân hàng thương mại;  
927 |a Sách 
980 |a Trung tâm Thư viện - Trường Đại học Công nghiệp TP. Hồ Chí Minh